000 00460nam a2200145 i 4500
001 23515
003 ES-MaACL
007 t|
008 021211s1971 mx ||||1| spa d
245 0 0 _aAmadis de Gaula
_b: libros de caballerías /
_cselección y prólogo por Ramón María Tenreiro.
260 _aMéxico :
_bEd. Nacional,
_c[1971]
300 _a292 p. :
_bil. ;
_c17 cm.
700 1 _aTenreiro, Ramón María.
_9109707
852 _aES-MaACL
_jE-9331
_bR.93700
999 _c23515
_d23515